000 00603nam a2200193 a 4500
005 20251128063951.0
008 991125c1996 par 000 0 eng u
020 _a9264148957
035 _aUPN01000033759
049 _aCG
050 4 _aLC93 E85
_bK5.6
245 0 0 _aKnowledge bases for education policies :
_bproceedings of a conference held in Maastricht, the Netherlands on 11-13 september 1995. --
260 _aParís :
_bOECD,
_c1996.
300 _a174 p.
440 0 _aOECD documents
650 4 _aEducación
_zEuropa
_915128
650 4 _aEducación y Estado
_zEuropa
_915129
905 _aLibro
999 _c33759
_d33759